000 00406nam a2200169Ia 4500
008 230524s9999 xx 000 0 und d
020 _a8120306716
082 _a4.16
_bLOO
100 _aMary ES. Loomis
245 0 _aData Management And File Structures
250 _a2ND
260 _aNEW DELHI
_bPHI
_c2001
300 _aXXIII;488
500 _aQuantity Number: 10
650 _aComp-Sc
942 _cBK
999 _c6732
_d6732